A dogmatika vagy a gyakorlat elsőbbsége?

Elmentve itt :
Bibliográfiai részletek
Szerző: Wopera Zsuzsa
Dokumentumtípus: Cikk
Megjelent: 2021
Sorozat:Acta Universitatis Szegediensis : forum : acta juridica et politica 11 No. 3
Kulcsszavak:Polgári jog, Polgári perrendtartás - magyar, Jogtudomány
Online Access:http://acta.bibl.u-szeged.hu/73853
LEADER 00697nab a2200181 i 4500
001 acta73853
005 20211026082224.0
008 211026s2021 hu o 0|| hun d
022 |a 2063-2525 
040 |a SZTE Egyetemi Kiadványok Repozitórium  |b hun 
041 |a hun 
100 1 |a Wopera Zsuzsa 
245 1 2 |a A dogmatika vagy a gyakorlat elsőbbsége?  |h [elektronikus dokumentum] /  |c  Wopera Zsuzsa 
260 |c 2021 
300 |a 477-485 
490 0 |a Acta Universitatis Szegediensis : forum : acta juridica et politica  |v 11 No. 3 
695 |a Polgári jog, Polgári perrendtartás - magyar, Jogtudomány 
856 4 0 |u http://acta.bibl.u-szeged.hu/73853/1/juridpol_forum_011_003_477-485.pdf  |z Dokumentum-elérés